000 00315nam a2200109Ia 4500
008 200302s9999 xx 000 0 und d
100 _aMadhavi Desai
245 _aTraditional Architecture House from of the Islamic Community of Bohras in Gujarat
260 _bCouncil of Architecture
260 _c2007
300 _a120
999 _c3413
_d3413